000 00551nam a2200157 a 4500
001 000036380
005 20200930075711.0
008 120116s1977 mx 000 0 spa d
040 _aDO-SdBNP
_bspa
_cBNPHU
082 _aXXX
_bC741m
245 0 3 _aLa comunicación masiva en las democracias :
_bmanual del periodista moderno /
_cpor Robert D. Novak ... [et al.] ; editado por Harry M. Clor.
260 _aMéxico :
_bEditores Asociados,
_c1977.
300 _a211 p. ;
_c19 cm.
700 1 _aNovak, Robert D.
_962573
700 1 _aClor, Harry M.,
_eed.
_962574
999 _c35871
_d35871